Gaming Quiz

Random Gaming or Pokémon Quiz

Pokémon Types (Real or Fake?) Quiz Stats

 Plays Quiz Updated Jul 7, 2018

Challenge
Share
Tweet
Embed
Score 0/18 Timer 01:00
10 Plays Today
% Correct
Fire
90.9%
Water
90.3%
Electric
90%
Psychic
89%
Ice
88.8%
Grass
88.1%
Poison
88%
Rock
87.9%
Flying
87.8%
% Correct
Ghost
87.5%
Dragon
87.4%
Bug
86.4%
Fighting
86%
Dark
85.5%
Normal
85.2%
Steel
84.3%
Ground
83.8%
Fairy
82.3%

You're not logged in!

Compare scores with friends on all Sporcle quizzes.
OR
Log In

You Might Also Like...

Show Comments

Extras

Top Quizzes Today


Score Distribution

Your Account Isn't Verified!

In order to create a playlist on Sporcle, you need to verify the email address you used during registration. Go to your Sporcle Settings to finish the process.

Report this User

Report this user for behavior that violates our Community Guidelines.

Details: